Apreciación sobre el involucramiento del Estado en la formación de maestros en Centroamérica

Uloženo v:
Podrobná bibliografie
Hlavní autor: Mata Segreda, Alejandrina
Médium: Text
Vydáno: San José :
Témata:
Tagy: Přidat tag
Žádné tagy, Buďte první, kdo vytvoří štítek k tomuto záznamu!

MARC

LEADER 00000 a a2200000 04500
001 18838
003
040
090 |a 144518  
100 |a Mata Segreda, Alejandrina  
245 |a Apreciación sobre el involucramiento del Estado en la formación de maestros en Centroamérica  
260 |a San José :  
300 |a 9 p.  
300 |b **no definido**  
650 |a ESTADO  
650 |a PERSONAL DOCENTE  
650 |a DOCENTES  
650 |a INTERVENCION DEL ESTADO  
650 |a PARTICIPACION DEL ESTADO  
999 |c 11254  |d 11254